International Journal of Services, Economics and Management

Gespeichert in:
Bibliographische Detailangaben
Format: Schriftenreihe
Sprache:Englisch
Veröffentlicht: Geneve Inderscience Enterprises Limited
Tags: Tag hinzufügen
Keine Tags, Fügen Sie das erste Tag hinzu!

MARC

LEADER 00000nas1a2200000 4500
001 0299698
005 20250701092126.3
022 |a 1753-0822 
022 |a 1753-0830 
041 0 |a eng 
044 |a CH 
245 1 0 |a International Journal of Services, Economics and Management 
264 1 |a Geneve  |b Inderscience Enterprises Limited